书目信息 |
| 题名: |
乔姆斯基的最简方案
|
|
| 作者: | 乔姆斯基 著 | |
| 分册: | ||
| 出版信息: | 北京 外语教学与研究出版社 2008.08 |
|
| 页数: | 420页 | |
| 开本: | 24cm | |
| 丛书名: | 当代国外语言学与应用语言学文库 | |
| 单 册: | ||
| 中图分类: | H04 | |
| 科图分类: | ||
| 主题词: | 生成规则--英文 | |
| 电子资源: | ||
| ISBN: | 978-7-5600-7735-2 | |
| 000 | 01016nam0 2200253 450 | |
| 001 | 1131130515 | |
| 005 | 20110830084110.07 | |
| 010 | @a978-7-5600-7735-2@dCNY45.90 | |
| 100 | @a20110830d2008 km y0chiy0120 ea | |
| 101 | 0 | @achi |
| 102 | @aCN@b110000 | |
| 106 | @ar | |
| 200 | 1 | @a乔姆斯基的最简方案@Aqiao mu si ji de zui jian fang an@f(美)乔姆斯基著@F(mei)qiao mu si ji zhu |
| 210 | @a北京@c外语教学与研究出版社@d2008.08 | |
| 215 | @a420页@d24cm | |
| 225 | 2 | @a当代国外语言学与应用语言学文库 |
| 330 | @a《乔姆斯基的最简方案》是当代著名语言学家 Chomsky 具有划时代意义的重要著作。作者通过对以往语言理论研究的检讨式探索,逐步修正此前提出的生成语法理论;以解释语言的简洁、经济、对称等作为研究的兴趣点,力求阐释他坚信的语言“完美体系”;同时从生物语言学角度对内在语言的属性进行研究,强调运算的经济性。 | |
| 410 | 0 | @12001 @a当代国外语言学与应用语言学文库 |
| 586 | @a | |
| 606 | 0 | @a生成规则@x英文 |
| 690 | @aH04@v5 | |
| 701 | 0 | @a乔姆斯基@Aqiao mu si ji@4著 |
| 801 | 0 | @aCN@c20110610 |
| 905 | @dH04@eQ325@f3 | |
| 乔姆斯基的最简方案/(美)乔姆斯基著.-北京:外语教学与研究出版社,2008.08 |
| 420页;24cm.-(当代国外语言学与应用语言学文库) |
| ISBN 978-7-5600-7735-2:CNY45.90 |
| 《乔姆斯基的最简方案》是当代著名语言学家 Chomsky 具有划时代意义的重要著作。作者通过对以往语言理论研究的检讨式探索,逐步修正此前提出的生成语法理论;以解释语言的简洁、经济、对称等作为研究的兴趣点,力求阐释他坚信的语言“完美体系”;同时从生物语言学角度对内在语言的属性进行研究,强调运算的经济性。 |
| ● |
| 相关链接 |
|
|
|
正题名:乔姆斯基的最简方案
索取号:H04/Q325
 
预约/预借
| 序号 | 登录号 | 条形码 | 馆藏地/架位号 | 状态 | 备注 |
| 1 | 888863 | 208888630 | 语言库209/209语言库 66排4列5层/ [索取号:H04/Q325] | 在馆 | |
| 2 | 888864 | 208888649 | 语言库209/209语言库 66排4列5层/ [索取号:H04/Q325] | 在馆 | |
| 3 | 888865 | 208888658 | 语言库209/209语言库 66排4列5层/ [索取号:H04/Q325] | 在馆 |